Cities by Country #2 - Statistics

General Stats
  • This quiz has been taken 68 times
  • The average score is 13 of 16
Answer Stats
City Answer % Correct
Islamabad Pakistan
100%
Santiago Chile
98%
Damascus Syria
98%
Abu Dhabi United Arab Emirates
98%
Christchurch New Zealand
97%
Xi'an China
90%
Casablanca Morocco
90%
Phnom Penh Cambodia
88%
Bratislava Slovakia
88%
Luxor Egypt
84%
Nuuk Greenland
74%
Georgetown Guyana
74%
Kanpur India
74%
Brazzaville Republic of the Congo
72%
Belmopan Belize
66%
Porto Novo Benin
53%
No matching quizzes found
Score Distribution
Percent of People with Each Score
Percentile by Number Answered
Your Score History
You have not taken this quiz